[Event "FRA-ch Youth 2017"]
[Site "Belfort"]
[Date "2017.04.20"]
[Round "6"]
[White "Harutyunyan, Ruben"]
[Black "Cohen Revivo, Shoham"]
[Result "1/2-1/2"]
[WhiteElo "2218"]
[BlackElo "2221"]
[Annotator "NA"]
[PlyCount "159"]
[EventDate "2017.??.??"]
[EventCountry "FRA"]
[SourceTitle "playchess.com"]
[Source "ChessBase"]
[SourceQuality "1"]
[TimeControl "5400+30"]

{[%evp 11,155,22,29,24,30,27,17,14,7,8,8,14,14,32767,32767,17,26,-6,32767,-6,6,0,7,-2,32767,32767,25,10,32767,32767,32767,32767,32767,32767,32767,32767,32767,32767,0,32767,32767,32767,32767,-47,32767,32767,-31,32767,32767,32767,-55,-83,-61,32767,17,10,32767,32767,32767,32767,32767,19,25,15,35,32767,32767,32767,93,0,0,32767,0,0,0,0,32767,0,0,0,32767,0,12,0,0,0,0,0,32767,32767,0,0,0,32767,32767,0,0,32767,-461,32767,32767,32767,32767,32767,32767,-448,32767,32767,-522,32767,-467,-463,-470,32767,-462,-490,-425,-572,-524,-601,-730,32767,32767,32767,32767,32767,32767,-543,-532,-5061,-374,32767,32767,32767,32767,-11787,32767,-592,32767,-5057,-3638,-5089,32767,-5066,-375,-377]} 1. Nf3 {[%emt 0:00:00]} d5 {[%emt 0:00:18]} 2. d4 {[%emt 0:00:08]} Bf5 {[%emt 0:00:17]} 3. e3 {[%emt 0:02:07]} Nf6 {[%emt 0:00:46]} 4. c4 {[%emt 0:00:39]} e6 {[%emt 0:00:06]} 5. Nc3 {[%emt 0:03:28]} Nc6 {[%emt 0:01:43]} 6. a3 {[%emt 0:03:14]} Be7 {[%emt 0:00:13] D06: Queen's Gambit: Symmetrical and Baltic Defences} 7. Be2 {[%emt 0:00:57]} (7. Bd3 Bxd3 8. Qxd3 O-O 9. O-O Na5 10. cxd5 exd5 11. Nd2 b6 12. b4 Nb7 13. Bb2 c5 14. Qa6 {½-½ (23) Godart,F (2376)-Gozzoli,Y (2579) Menton 2016}) 7... h6 {[%emt 0:01:07]} 8. O-O {[%emt 0:03:18]} O-O {[%emt 0:01:57]} 9. b3 $146 {[%emt 0:08:56]} (9. b4 Nb8 10. Bd3 dxc4 11. Bxc4 a5 12. b5 Nd5 13. Ne2 c6 14. Ng3 {½-½ (90) Oppermann,P (2259)-Rihtaric,I (2195) ICCF email 2011}) 9... Nb8 {[%emt 0:24:34]} 10. Bb2 {[%emt 0:02:46]} Nbd7 {[%emt 0:00:40]} 11. Re1 {[%emt 0:18:23]} c6 {[%emt 0:07:01]} 12. Bd3 {[%emt 0:12:02]} Ne4 {[%emt 0:12:05]} 13. Qc2 {[%emt 0:11:31]} Ndf6 {[%emt 0:00:14]} 14. Nd2 {[%emt 0:02:58]} Bd6 {[%emt 0:00:18]} 15. g3 {[%emt 0:06:09]} Nxd2 {[%emt 0:04:40]} 16. Qxd2 {[%emt 0:00:12]} Ne4 {[%emt 0:01:46]} 17. Nxe4 {[%emt 0:06:36]} dxe4 {[%emt 0:02:10]} 18. Bf1 {[%emt 0:00:09]} Qg5 {[%emt 0:01:21]} 19. Bg2 {[%emt 0:01:33]} h5 {[%emt 0:03:03]} 20. Qc2 {[%emt 0:06:37]} Qg6 {[%emt 0:00:07]} 21. h4 {[%emt 0:01:19]} a5 {[%emt 0:03:15]} 22. Bc3 {[%emt 0:01:58]} Qh7 {[%emt 0:02:41]} 23. Kf1 f6 {[%emt 0:02:24]} 24. Ke2 {[%emt 0:02:10]} Qg6 {[%emt 0:00:20]} 25. Kd2 {[%emt 0:01:26]} b5 {[%emt 0:00:55]} 26. c5 {[%emt 0:00:24]} Bc7 {[%emt 0:00:01]} 27. Kc1 {[%emt 0:03:02]} Rfd8 {[%emt 0:00:46]} 28. Kb2 {[%emt 0:00:59]} Rd5 {[%emt 0:02:29]} 29. Bh1 {[%emt 0:00:34]} e5 {[%emt 0:01:46]} 30. Red1 {[%emt 0:00:44]} exd4 {[%emt 0:04:01]} (30... Rad8 $17) 31. Rxd4 {[%emt 0:00:32]} Rxc5 {[%emt 0:05:12]} 32. Bxe4 {[%emt 0:00:30]} Re8 {[%emt 0:05:41]} ({Black should try} 32... Bxe4 $17 33. Qxe4 Qxe4 34. Rxe4 Kf7) 33. Bxf5 {[%emt 0:00:10]} Qxf5 {[%emt 0:00:05]} 34. Qxf5 {[%emt 0:00:06]} Rxf5 {[%emt 0:00:06]} 35. Rd2 {[%emt 0:01:01]} c5 {[%emt 0:00:04]} 36. Kc2 {[%emt 0:00:42]} Be5 {[%emt 0:01:39]} 37. Rad1 {[%emt 0:00:35]} b4 {[%emt 0:00:07]} 38. Bxe5 {[%emt 0:00:27]} Rexe5 {[%emt 0:00:01]} 39. a4 {[%emt 0:00:19]} Rf3 {[%emt 0:00:16]} 40. Re2 {[%emt 0:00:41]} Ref5 {[%emt 0:01:59]} 41. Rdd2 {[%emt 0:00:22]} g5 {[%emt 0:00:07]} 42. Kd3 gxh4 {[%emt 0:00:29]} 43. gxh4 {[%emt 0:00:42]} Rh3 {[%emt 0:00:09]} 44. Rc2 {[%emt 0:00:56]} Rxh4 {[%emt 0:00:16]} 45. f4 {[%emt 0:00:18]} Rg4 {[%emt 0:01:41]} 46. Rg2 {[%emt 0:00:25]} Rxg2 {[%emt 0:09:17]} 47. Rxg2+ {[%emt 0:00:02]} Kf7 {[%emt 0:00:01]} 48. Ke4 {[%emt 0:00:55]} Ke6 {[%emt 0:00:03]} 49. Rg8 $1 {[%emt 0:00:54]} Rd5 {[%emt 0:00:07]} 50. Re8+ {[%emt 0:00:28]} Kd7 {[%emt 0:00:36]} 51. Rh8 {[%emt 0:00:27]} (51. Kxd5 $2 {loses.} Kxe8 52. Kxc5 h4 $19) 51... Rd2 {[%emt 0:00:23]} 52. Rxh5 {[%emt 0:00:22]} Kc6 {[%emt 0:01:21]} 53. Rh6 {[%emt 0:00:17]} Rd6 {[%emt 0:00:01]} 54. Kf3 {[%emt 0:00:51] [#]} c4 $1 {[%emt 0:00:43]} 55. bxc4 {[%emt 0:00:31]} Kc5 {[%emt 0:00:24]} 56. Rh5+ {[%emt 0:00:34]} Kxc4 {[%emt 0:00:02]} 57. Rxa5 {[%emt 0:00:19]} Rb6 {[%emt 0:00:04]} 58. Ra8 {[%emt 0:00:42]} b3 {[%emt 0:00:56]} 59. a5 {[%emt 0:00:08]} b2 {[%emt 0:01:00]} 60. Rc8+ {[%emt 0:00:50]} Kb5 {[%emt 0:01:02]} 61. axb6 {[%emt 0:00:06]} b1=Q {[%emt 0:00:04]} 62. Rf8 {[%emt 0:00:53]} Qd1+ {[%emt 0:01:27]} 63. Kf2 {[%emt 0:00:29]} Qc2+ {[%emt 0:00:33]} ({Less strong is} 63... Kxb6 64. Rxf6+ Kc5 65. Re6 $19) 64. Kf3 {[%emt 0:00:34]} Qc6+ {[%emt 0:00:19]} 65. Kg4 {[%emt 0:00:30]} Qe6+ {[%emt 0:01:00]} 66. Kh5 {[%emt 0:00:30]} Kxb6 {[%emt 0:01:26]} 67. Kg6 {[%emt 0:00:09]} Qxe3 {[%emt 0:00:49]} 68. Rxf6+ {[%emt 0:00:04]} Kc7 {[%emt 0:00:08]} 69. f5 {[%emt 0:01:11]} Qg3+ {[%emt 0:00:21]} 70. Kf7 {[%emt 0:00:14]} (70. Kh5 $142) 70... Kd7 {[%emt 0:00:14]} 71. Re6 {[%emt 0:00:15]} Qg5 {[%emt 0:00:39]} 72. Rf6 {[%emt 0:00:56]} Qg4 {[%emt 0:01:21]} 73. Kf8 {[%emt 0:00:12]} Qb4+ {[%emt 0:00:22]} 74. Kg8 {[%emt 0:00:29]} Qc4+ {[%emt 0:00:29]} 75. Kg7 {[%emt 0:00:24]} Qd4 {[%emt 0:00:07]} 76. Kf7 {[%emt 0:00:26]} Qe5 {[%emt 0:00:26]} 77. Kg6 {[%emt 0:00:22]} Qd5 $2 {[%emt 0:00:51]} (77... Qg3+ 78. Kh5 Ke7 79. Re6+ Kf7) 78. Re6 $19 {[%emt 0:00:11]} Qd4 {[%emt 0:00:54]} 79. Kg5 {[%emt 0:00:30]} Qg7+ {[%emt 0:00:14]} 80. Kf4 {[%emt 0:00:05]} 1/2-1/2

[Event "FRA-ch Youth 2017"]
[Site "Belfort"]
[Date "2017.04.20"]
[Round "6"]
[White "Bergougnoux, Axel"]
[Black "Viel, Simon"]
[Result "0-1"]
[WhiteElo "2194"]
[BlackElo "2220"]
[Annotator "NA"]
[PlyCount "72"]
[EventDate "2017.??.??"]
[EventCountry "FRA"]
[SourceTitle "playchess.com"]
[Source "ChessBase"]
[SourceQuality "1"]
[TimeControl "5400+30"]

1. e4 {[%emt 0:00:00]} e6 {[%emt 0:00:02]} 2. d4 {[%emt 0:00:00]} d5 {[%emt 0:00:05]} 3. Bd3 {[%emt 0:00:00]} c5 {[%emt 0:00:37]} 4. exd5 {[%emt 0:00:00]} exd5 {[%emt 0:00:01]} 5. Nf3 {[%emt 0:00:03]} c4 {[%emt 0:00:05] C01: French: Exchange Variation} 6. Be2 {[%emt 0:00:09]} Nf6 {[%emt 0:00:05]} (6... Nc6 7. O-O Bd6 8. b3 cxb3 9. axb3 Nge7 10. c4 h6 11. Nc3 O-O 12. h3 Bf5 13. Bd3 Qd7 14. Bxf5 Qxf5 15. Be3 Bb4 16. Na2 a5 {½-½ (16) Priyadharshan,K (2527)-Nyzhnyk,I (2616) Kenner 2016}) 7. O-O {[%emt 0:00:23]} Be7 {[%emt 0:00:05]} 8. Ne5 {[%emt 0:09:55]} O-O {[%emt 0:02:56]} 9. b3 {[%emt 0:03:47]} cxb3 {[%emt 0:00:05]} 10. axb3 {[%emt 0:00:06]} Nc6 {[%emt 0:03:03]} 11. Be3 $146 (11. Nxc6 bxc6 12. Bf4 Re8 13. Nc3 {½-½ (25) Hollan,P (2292)-Livaic,L (2444) Prague 2016}) 11... Qc7 {[%emt 0:04:28]} 12. f4 {[%emt 0:12:44]} Bf5 {[%emt 0:03:42]} 13. c4 {[%emt 0:03:40]} Nb4 {[%emt 0:06:15]} 14. Na3 {[%emt 0:04:20]} Ne4 {[%emt 0:05:18]} 15. Nb5 {[%emt 0:07:57]} Qd8 {[%emt 0:02:22]} 16. Bf3 {[%emt 0:15:35]} ({Not} 16. Rxa7 $2 Rxa7 17. Nxa7 Nc3 $19) 16... a6 {[%emt 0:09:29]} 17. Na3 {[%emt 0:02:03]} f6 {[%emt 0:03:09]} 18. Ng4 {[%emt 0:10:23]} Re8 {[%emt 0:04:20]} 19. Bf2 {[%emt 0:05:29]} Bd6 {[%emt 0:12:09]} 20. g3 {[%emt 0:01:46]} h5 {[%emt 0:16:28]} 21. Ne3 {[%emt 0:16:02]} Nxf2 {[%emt 0:00:42]} 22. Kxf2 {[%emt 0:00:01]} Nd3+ {[%emt 0:00:09]} 23. Kg2 {[%emt 0:00:11]} Rxe3 {[%emt 0:08:27]} 24. Bxd5+ {[%emt 0:00:01]} Kh8 {[%emt 0:00:02]} 25. Qxh5+ {[%emt 0:00:07]} Bh7 {[%emt 0:00:07]} 26. Nc2 $2 {[%emt 0:02:20]} (26. Bf7 $1 $11 {and White stays safe.} Bxa3 27. Rxa3) 26... Qe8 {[%emt 0:02:35]} 27. Bf7 {[%emt 0:04:11]} (27. Qxe8+ {is the only way for White.} Rexe8 28. Ne1) 27... Qe4+ {[%emt 0:00:11]} 28. Kh3 {[%emt 0:00:25]} Qf5+ {[%emt 0:03:16]} 29. Qg4 {[%emt 0:00:43]} Re2 {[%emt 0:01:20]} 30. Qxf5 Bxf5+ {[%emt 0:00:01]} 31. g4 {[%emt 0:00:46]} Nxf4+ {[%emt 0:00:43]} 32. Rxf4 {[%emt 0:00:38]} Bxc2 {[%emt 0:00:01]} 33. Raf1 {[%emt 0:00:36]} Bxf4 {[%emt 0:00:39]} 34. Rxf4 {[%emt 0:00:00]} g5 $19 {[%emt 0:00:56]} 35. Rxf6 {[%emt 0:00:19]} Kg7 {[%emt 0:00:07]} 36. Rf3 {[%emt 0:01:12]} Be4 {[%emt 0:00:11]} 0-1

[Event "FRA-ch Youth 2017"]
[Site "Belfort"]
[Date "2017.04.20"]
[Round "6"]
[White "Coiffait, Pierre-Basile"]
[Black "Guehtar, Sofiane"]
[Result "1-0"]
[WhiteElo "2193"]
[BlackElo "1977"]
[Annotator "NA"]
[PlyCount "231"]
[EventDate "2017.??.??"]
[EventCountry "FRA"]
[SourceTitle "playchess.com"]
[Source "ChessBase"]
[SourceQuality "1"]
[TimeControl "5400+30"]

1. e4 {[%emt 0:00:00]} c5 {[%emt 0:00:12]} 2. Nf3 {[%emt 0:00:00]} g6 {[%emt 0:00:15]} 3. d4 {[%emt 0:00:00]} Bg7 {[%emt 0:00:05]} 4. c4 {[%emt 0:01:09]} Qa5+ {[%emt 0:02:25]} 5. Nc3 {[%emt 0:06:23]} Nc6 {[%emt 0:00:45]} 6. Be3 {[%emt 0:01:56] A40: Unusual replies to 1 d4} Nf6 $1 {[%emt 0:00:18]} 7. d5 {[%emt 0:13:32]} (7. Nd2 $11) 7... Nxe4 {[%emt 0:12:34]} 8. dxc6 {[%emt 0:00:44]} Nxc3 {[%emt 0:00:04]} 9. Qd2 {[%emt 0:07:10]} b6 {[%emt 0:03:09]} 10. Bd3 {[%emt 0:05:03]} dxc6 {[%emt 0:26:35] LiveBook: 3 Games} 11. O-O {[%emt 0:08:30]} Na4 {[%emt 0:00:53]} 12. b3 {[%emt 0:11:42]} Nc3 $2 $146 {[%emt 0:15:31]} ({Black should try} 12... Qxd2 $19 13. Bxd2 Bg4 {0-1 (34) Meijers,V (2483)-Hausrath,D (2441) Gelsenkirchen 2001}) 13. Rfe1 {[%emt 0:09:10]} O-O {[%emt 0:21:21]} 14. Bh6 {[%emt 0:03:52]} b5 {[%emt 0:05:45]} 15. a3 {[%emt 0:07:51]} Bf6 {[%emt 0:02:20]} 16. Ne5 {[%emt 0:04:48]} Re8 {[%emt 0:02:09]} 17. Bf4 {[%emt 0:09:06]} Bg7 {[%emt 0:03:13]} 18. Nxc6 {[%emt 0:04:25]} Qb6 {[%emt 0:00:39]} 19. Nxe7+ {[%emt 0:02:12]} Rxe7 {[%emt 0:00:04]} 20. Rxe7 {[%emt 0:00:04]} Be6 {[%emt 0:00:48]} 21. Re1 {[%emt 0:00:26]} Bf6 {[%emt 0:01:18]} 22. Bg5 {[%emt 0:01:37]} Bg7 {[%emt 0:00:28]} 23. Rc1 {[%emt 0:01:01]} b4 {[%emt 0:00:14]} 24. axb4 {[%emt 0:00:19]} cxb4 {[%emt 0:00:05]} 25. Re1 {[%emt 0:00:31]} Qd6 {[%emt 0:00:44]} 26. Qe3 {[%emt 0:00:48]} h6 {[%emt 0:00:32]} 27. Rxe6 $2 {[%emt 0:00:33]} (27. c5 $18 Qc6 28. Bxh6 (28. Rxe6 Qxe6 29. Qxe6 fxe6 $16)) 27... Qxe6 {[%emt 0:00:06]} 28. Qxe6 {[%emt 0:00:30]} fxe6 {[%emt 0:00:03]} 29. Be7 {[%emt 0:00:04]} Kf7 {[%emt 0:00:55]} 30. Bxb4 {[%emt 0:00:37]} Rb8 {[%emt 0:00:05]} 31. Bc5 {[%emt 0:00:52]} Rxb3 {[%emt 0:01:40]} 32. Bxa7 {[%emt 0:00:14]} Ra3 {[%emt 0:00:37]} 33. Bc5 {[%emt 0:00:39]} Ra5 $1 {[%emt 0:00:30]} 34. Bb6 {[%emt 0:00:11]} Ra3 {[%emt 0:00:14]} 35. Bc5 {[%emt 0:00:27]} ({Better is} 35. Bf1 $16) 35... Ra5 {[%emt 0:00:06]} 36. Be3 {[%emt 0:00:07]} Na4 {[%emt 0:00:36]} 37. g3 {[%emt 0:00:43]} Nc5 {[%emt 0:01:04]} 38. Bf1 {[%emt 0:00:08]} g5 {[%emt 0:00:33]} 39. Rb1 {[%emt 0:00:31]} Bf8 {[%emt 0:00:32]} 40. Rb8 {[%emt 0:00:32]} Bd6 {[%emt 0:00:28]} 41. Rb6 {[%emt 0:01:01]} Be7 {[%emt 0:00:19]} 42. Rc6 {[%emt 0:00:34]} Nd7 {[%emt 0:00:38]} 43. Rc7 {[%emt 0:00:43]} Ne5 {[%emt 0:00:26]} 44. Kg2 {[%emt 0:00:39]} Ra4 {[%emt 0:00:32]} 45. Bc5 {[%emt 0:00:20]} Ng6 {[%emt 0:00:39]} 46. Bd3 {[%emt 0:00:38]} Kf6 {[%emt 0:00:04]} 47. Bxe7+ $2 {[%emt 0:00:34]} (47. Bd4+ $18 Kf7 48. Bxg6+ Kxg6 49. Rxe7) 47... Nxe7 {[%emt 0:00:06]} 48. Bc2 {[%emt 0:00:28]} Ra3 {[%emt 0:00:23]} 49. Be4 {[%emt 0:00:30]} Rc3 {[%emt 0:00:13]} 50. h3 {[%emt 0:00:19]} Rc1 {[%emt 0:01:41]} 51. Kf3 {[%emt 0:00:42]} Rc3+ {[%emt 0:00:32]} 52. Ke2 {[%emt 0:00:29]} Rc1 {[%emt 0:00:25]} 53. Kd2 {[%emt 0:00:32]} Ra1 {[%emt 0:00:10]} 54. Ke3 {[%emt 0:00:28]} Re1+ {[%emt 0:00:29]} 55. Kd3 {[%emt 0:00:31]} Rd1+ {[%emt 0:00:09]} 56. Ke2 {[%emt 0:00:09]} Rc1 {[%emt 0:00:12]} 57. Bb7 {[%emt 0:00:42]} Nf5 {[%emt 0:00:18]} 58. Kf3 {[%emt 0:00:36]} Rc3+ {[%emt 0:00:59]} 59. Kg2 {[%emt 0:00:12]} Nd6 {[%emt 0:00:29]} 60. Ba6 {[%emt 0:00:47]} Rc2 {[%emt 0:00:14]} (60... Nf5 $11) 61. Kf3 {[%emt 0:00:33]} Rc3+ {[%emt 0:01:12]} 62. Ke2 {[%emt 0:00:18]} Rc2+ {[%emt 0:00:06]} 63. Ke3 {[%emt 0:00:41]} Rc3+ {[%emt 0:00:49]} 64. Kd2 {[%emt 0:00:33]} Ne4+ {[%emt 0:00:22]} 65. Ke2 {[%emt 0:00:03]} Ke5 {[%emt 0:00:21]} 66. Bb7 {[%emt 0:00:54]} Nd6 {[%emt 0:00:19]} 67. c5 {[%emt 0:00:33]} Nxb7 {[%emt 0:00:50]} 68. Rxb7 {[%emt 0:00:01]} Rxc5 {[%emt 0:00:11]} 69. Rh7 {[%emt 0:00:10]} Ke4 {[%emt 0:01:01]} 70. Rxh6 {[%emt 0:00:20]} Rc2+ {[%emt 0:00:52]} 71. Kf1 {[%emt 0:00:04]} Rc1+ {[%emt 0:00:23]} 72. Kg2 {[%emt 0:00:04]} Ke5 {[%emt 0:00:11]} 73. Kf3 {[%emt 0:01:26]} Rc4 {[%emt 0:00:54]} 74. g4 {[%emt 0:01:23]} Rc3+ {[%emt 0:00:03]} 75. Kg2 {[%emt 0:00:04]} Rc5 {[%emt 0:00:35]} 76. Kf3 $2 {[%emt 0:00:56]} (76. Rg6 $18 Kd6 77. Rg7) 76... Rc3+ {[%emt 0:00:21]} 77. Kg2 {[%emt 0:00:01]} Rc5 {[%emt 0:00:29]} 78. f3 {[%emt 0:00:59]} Kf4 {[%emt 0:01:02]} 79. Rf6+ {[%emt 0:00:14]} Ke5 {[%emt 0:00:04]} 80. Rf8 {[%emt 0:00:10]} Kd6 {[%emt 0:00:26]} (80... Rc1 $1 $14) 81. Rh8 {[%emt 0:00:29]} Ke7 {[%emt 0:00:28]} 82. Kg3 {[%emt 0:00:28]} Rc3 {[%emt 0:00:09]} 83. Rh7+ {[%emt 0:00:57]} Kf6 {[%emt 0:00:08]} 84. Ra7 {[%emt 0:00:08]} Rc1 {[%emt 0:00:32]} 85. Rd7 {[%emt 0:00:28]} Rg1+ {[%emt 0:00:35]} 86. Kf2 {[%emt 0:00:04]} Rh1 {[%emt 0:00:21]} 87. Kg2 {[%emt 0:01:15]} Rb1 {[%emt 0:00:19]} 88. Rd2 {[%emt 0:00:13]} Rb3 {[%emt 0:00:12]} 89. Rf2 {[%emt 0:00:46]} Ke5 {[%emt 0:00:41]} 90. Re2+ {[%emt 0:00:04]} Kf6 {[%emt 0:00:06]} 91. Re4 {[%emt 0:00:55]} Rc3 {[%emt 0:00:08]} 92. f4 {[%emt 0:00:45]} Rc2+ {[%emt 0:00:33]} 93. Kg3 {[%emt 0:00:25]} Rc3+ {[%emt 0:00:05]} 94. Kg2 {[%emt 0:00:01]} Rc2+ {[%emt 0:00:05]} 95. Kf3 {[%emt 0:00:03]} gxf4 {[%emt 0:02:46]} 96. Kxf4 {[%emt 0:00:23]} Rc3 {[%emt 0:00:55]} 97. g5+ {[%emt 0:00:58]} Kf7 {[%emt 0:00:04]} 98. h4 {[%emt 0:00:08]} Rc1 {[%emt 0:00:10]} 99. Re3 {[%emt 0:01:10]} Rc4+ {[%emt 0:00:43]} 100. Kg3 {[%emt 0:00:08]} Rb4 {[%emt 0:00:23]} 101. Rf3+ {[%emt 0:00:21]} Kg7 {[%emt 0:00:06]} 102. h5 {[%emt 0:01:11]} Rb5 {[%emt 0:01:19]} 103. Kg4 {[%emt 0:00:09]} Rb4+ {[%emt 0:00:07]} 104. Rf4 {[%emt 0:00:10]} Rb1 {[%emt 0:00:13]} 105. h6+ {[%emt 0:00:20]} Kg8 {[%emt 0:00:15]} 106. Rf6 {[%emt 0:01:19]} Kh8 {[%emt 0:00:12]} 107. Kh5 {[%emt 0:00:46]} Rb8 {[%emt 0:00:17]} 108. Rxe6 {[%emt 0:00:25]} Kh7 {[%emt 0:00:14]} 109. Re7+ {[%emt 0:00:13]} Kg8 {[%emt 0:00:09]} 110. Kg6 {[%emt 0:00:19]} Rb6+ {[%emt 0:00:05]} 111. Kf5 {[%emt 0:00:04]} Kh8 {[%emt 0:00:16]} 112. Re6 {[%emt 0:01:00]} Rb5+ {[%emt 0:00:04]} 113. Kf6 {[%emt 0:00:14]} Rb8 {[%emt 0:00:10]} 114. g6 {[%emt 0:01:09]} Ra8 {[%emt 0:00:16]} 115. Rd6 {[%emt 0:00:33]} Rb8 {[%emt 0:00:10]} 116. Ke7 {[%emt 0:00:14]} 1-0

[Event "FRA-ch Youth 2017"]
[Site "Belfort"]
[Date "2017.04.20"]
[Round "6"]
[White "Caloone, Thomas"]
[Black "Sarafian, Thomas"]
[Result "1/2-1/2"]
[WhiteElo "2149"]
[BlackElo "1892"]
[Annotator "NA"]
[PlyCount "179"]
[EventDate "2017.??.??"]
[EventCountry "FRA"]
[SourceTitle "playchess.com"]
[Source "ChessBase"]
[SourceQuality "1"]
[TimeControl "5400+30"]

1. e4 {[%emt 0:03:16]} e5 {[%emt 0:00:39]} 2. Nf3 {[%emt 0:00:17]} Nc6 {[%emt 0:00:06]} 3. Nc3 {[%emt 0:00:04]} Nf6 {[%emt 0:00:05]} 4. d4 {[%emt 0:00:07]} Bb4 {[%emt 0:00:08]} 5. Nxe5 {[%emt 0:01:21] LiveBook: 233 Games} O-O {[%emt 0:00:28]} 6. Nxc6 {[%emt 0:13:26] C47: Scotch Four Knights and Four Knights with 4 g3} dxc6 {[%emt 0:00:18]} 7. Bd3 {[%emt 0:01:08]} Qxd4 {[%emt 0:04:55]} 8. O-O {[%emt 0:00:29]} Bxc3 {[%emt 0:07:45]} 9. bxc3 {[%emt 0:01:40]} Qxc3 {[%emt 0:00:04]} 10. Rb1 {[%emt 0:00:08]} Qe5 $146 {[%emt 0:11:47]} (10... Bg4 11. f3 Be6 12. Rxb7 Rfb8 13. Rxb8+ Rxb8 {½-½ (44) Godena,M (2514)-Halkias,S (2568) Rhodes 2013}) 11. Qf3 {[%emt 0:15:58]} b6 {[%emt 0:14:14]} 12. Bf4 {[%emt 0:15:28]} Qe7 {[%emt 0:03:38]} 13. c4 {[%emt 0:05:54]} Nd7 {[%emt 0:11:02]} 14. Qg3 {[%emt 0:09:18]} f6 {[%emt 0:06:29]} 15. Bxc7 {[%emt 0:11:52]} Ne5 {[%emt 0:00:23]} 16. Bxe5 $1 {[%emt 0:00:04]} fxe5 {[%emt 0:00:08]} 17. f4 {[%emt 0:02:32]} Qc5+ {[%emt 0:09:35]} 18. Kh1 {[%emt 0:00:05]} exf4 {[%emt 0:00:24]} 19. Rxf4 {[%emt 0:00:05]} Rxf4 {[%emt 0:00:04]} 20. Qxf4 {[%emt 0:00:12]} Be6 {[%emt 0:00:06]} 21. e5 {[%emt 0:00:39]} Rf8 {[%emt 0:01:56]} 22. Qh4 {[%emt 0:01:34]} Bf5 {[%emt 0:01:39]} 23. Bxf5 {[%emt 0:01:42]} Rxf5 {[%emt 0:00:08]} 24. e6 {[%emt 0:01:29]} Qf8 {[%emt 0:08:38]} 25. h3 {[%emt 0:02:04]} Re5 {[%emt 0:00:54]} 26. Re1 {[%emt 0:00:58]} Rxe1+ {[%emt 0:00:04]} 27. Qxe1 {[%emt 0:00:07]} Qe7 {[%emt 0:02:10]} 28. Qe5 {[%emt 0:00:18]} Kf8 {[%emt 0:00:36]} 29. Qb8+ {[%emt 0:00:18]} Qe8 {[%emt 0:00:04]} 30. Qd6+ {[%emt 0:00:05]} Qe7 {[%emt 0:00:08]} 31. Qxc6 {[%emt 0:00:10]} g6 {[%emt 0:02:00]} 32. Qd5 {[%emt 0:00:48]} Qc7 {[%emt 0:02:49]} 33. Qf3+ {[%emt 0:03:04]} Ke8 {[%emt 0:00:05]} 34. Qf6 {[%emt 0:00:40]} Qe7 {[%emt 0:00:17]} 35. Qe5 {[%emt 0:00:05]} g5 {[%emt 0:01:38]} 36. Kh2 {[%emt 0:01:19]} Qc5 {[%emt 0:00:24]} 37. Qh8+ {[%emt 0:05:10]} Ke7 {[%emt 0:00:13]} 38. Qxh7+ {[%emt 0:00:03]} Kxe6 {[%emt 0:00:05]} 39. Qe4+ {[%emt 0:00:14]} Kf6 {[%emt 0:02:11]} 40. Kg3 {[%emt 0:00:42]} Qd6+ {[%emt 0:00:56]} 41. Kg4 {[%emt 0:00:32]} Qd7+ {[%emt 0:00:35]} 42. Kf3 {[%emt 0:00:41]} Qd1+ {[%emt 0:01:06]} 43. Qe2 {[%emt 0:00:28]} Qd4 {[%emt 0:00:16]} 44. g3 {[%emt 0:00:06]} a5 {[%emt 0:01:58]} 45. Kg2 {[%emt 0:00:15]} Kg6 {[%emt 0:00:33]} 46. Qc2+ {[%emt 0:01:50]} Kh6 {[%emt 0:00:37]} 47. Kf3 {[%emt 0:01:06]} Qf6+ {[%emt 0:00:16]} 48. Kg2 {[%emt 0:01:05]} Qd4 {[%emt 0:00:08]} 49. Qe2 {[%emt 0:00:27]} Qf6 {[%emt 0:00:23]} 50. Qd2 {[%emt 0:01:08]} Qc6+ {[%emt 0:00:05]} 51. Qd5 {[%emt 0:00:10]} Qf6 {[%emt 0:00:19]} 52. Qb5 {[%emt 0:00:56]} Qd4 {[%emt 0:00:38]} 53. Qc6+ {[%emt 0:00:17]} Kg7 {[%emt 0:00:03]} 54. Qd5 {[%emt 0:00:42]} Qf6 {[%emt 0:01:07]} 55. a4 {[%emt 0:00:42]} Kh6 {[%emt 0:00:32]} 56. Qd3 {[%emt 0:01:09]} Kg7 {[%emt 0:00:52]} 57. Qf3 {[%emt 0:00:16]} Qd4 {[%emt 0:00:06]} 58. Qb7+ {[%emt 0:00:23]} Kh6 {[%emt 0:00:19]} 59. Qc6+ {[%emt 0:00:06]} Kg7 {[%emt 0:00:15]} 60. h4 {[%emt 0:00:29]} gxh4 {[%emt 0:00:31]} 61. gxh4 {[%emt 0:00:11]} Qg4+ {[%emt 0:00:05]} 62. Kf1 {[%emt 0:00:43]} Qf4+ {[%emt 0:00:43]} 63. Ke2 {[%emt 0:00:12]} Qg4+ {[%emt 0:00:18]} 64. Kd3 {[%emt 0:00:25]} Qd1+ {[%emt 0:00:15]} 65. Kc3 {[%emt 0:00:31]} Qa1+ {[%emt 0:00:14]} 66. Kc2 {[%emt 0:00:12]} Qa2+ {[%emt 0:00:12]} 67. Kd3 {[%emt 0:00:08]} Qf2 {[%emt 0:02:47]} 68. Qc7+ {[%emt 0:01:05]} Kh6 {[%emt 0:00:56]} 69. Qe7 {[%emt 0:00:33]} Qf1+ {[%emt 0:02:00]} 70. Qe2 {[%emt 0:00:26]} Qf5+ {[%emt 0:00:37]} 71. Qe4 {[%emt 0:00:29]} Qd7+ $16 {[%emt 0:01:24]} ({Don't take} 71... Qxe4+ $2 72. Kxe4 Kh5 73. Kd5 Kxh4 74. Kc6 $18) 72. Qd4 {[%emt 0:00:08]} Qxa4 {[%emt 0:00:08]} 73. Qxb6+ {[%emt 0:00:05]} Kg7 {[%emt 0:00:12]} 74. Kc3 {[%emt 0:01:03]} Qa3+ {[%emt 0:00:36]} 75. Kc2 {[%emt 0:00:18]} Kh7 {[%emt 0:00:51]} 76. c5 {[%emt 0:00:31]} Qa4+ {[%emt 0:00:17]} 77. Kc3 {[%emt 0:00:28]} Qxh4 {[%emt 0:00:05]} 78. c6 {[%emt 0:00:19]} Qf6+ {[%emt 0:00:31]} 79. Kb3 {[%emt 0:00:33]} Qe6+ {[%emt 0:00:12]} 80. Ka4 {[%emt 0:00:35]} Qa2+ {[%emt 0:00:10]} 81. Kb5 {[%emt 0:00:13]} Qe2+ {[%emt 0:00:12]} 82. Kxa5 {[%emt 0:00:43]} Qa2+ {[%emt 0:00:06]} 83. Kb4 {[%emt 0:00:25]} Qb2+ {[%emt 0:00:14]} 84. Kc5 {[%emt 0:00:21]} Qf2+ {[%emt 0:00:01]} 85. Kb5 {[%emt 0:00:07]} Qe2+ {[%emt 0:00:08]} 86. Ka4 {[%emt 0:00:31]} Qa2+ {[%emt 0:00:06]} 87. Kb4 {[%emt 0:00:06]} Qb2+ {[%emt 0:00:05]} 88. Ka5 {[%emt 0:00:07]} Qa2+ {[%emt 0:00:03]} 89. Kb5 {[%emt 0:00:03]} Qe2+ 90. Kc5 1/2-1/2